| 000 | 01114cam a2200313 a 4500 | ||
|---|---|---|---|
| 001 | 2306 | ||
| 003 | BD-DhEWU | ||
| 005 | 20180917020001.0 | ||
| 008 | 110604r19922000ii a g b 000 0 eng d | ||
| 020 | _a8173710473 | ||
| 020 | _a9780863113703 | ||
| 020 | _a0863113702 | ||
| 035 | _a(OCoLC)28927045 | ||
| 040 |
_aBD-DhEWU _dBD-DhEWU _beng _cBD-DhEWU |
||
| 041 | _aeng | ||
| 082 | 0 | 4 |
_a519.4 _bRAN 1992 |
| 100 | 1 |
_aRao, S. Balachandra. _97182 |
|
| 245 | 1 | 0 |
_aNumerical methods with programs in BASIC, FORTRAN and Pascal / _cS. Balachandra Rao, C.K. Shantha. |
| 260 |
_aHyderabad, India : _bUniversities Press ; _cc1992. |
||
| 300 |
_axiii, 446 p. : _bill. ; _c24 cm. |
||
| 504 | _aIncludes bibliographical references and index. | ||
| 526 | _aCSE | ||
| 590 | _aSaifun Momota | ||
| 653 | _aNumerical analysis -- Use of -- Computers. | ||
| 653 | _aFORTRAN (Computer program language). | ||
| 700 | 1 |
_aShantha, C.K. _97183 |
|
| 856 | 4 | 2 |
_3WorldCat details _uhttp://www.worldcat.org/title/numerical-methods-with-programs-in-basic-fortran-and-pascal/oclc/28927045&referer=brief_results |
| 942 |
_cTEXT _2ddc _028 |
||
| 999 |
_c2306 _d2306 |
||